Riconosci il Calciatore - Quiz n°2 - Statistics

Statistiche generali
  • Questo quiz è stato fatto 201 volte
    199 dall'ultimo reset
  • Il punteggio medio è 20 su 24
Statistiche sulle risposte
Indizio Risposta % Corretto
Ruolo Attaccante
99%
Nazionalità Italia
98%
Data di nascita 31/01/1983
85%
Squadra di club 1 Torino 1999 - 2000
84%
Squadra di club 11 Sampdoria 2016 - 2023
83%
Gol nei club 235
81%
Gol in nazionale 9
81%
Trofei per club Campionato italiano: 3
Juventus: 2011-2012, 2012-2013, 2013-2014
Supercoppa italiana: 2
Juventus: 2012, 2013
81%
Squadra di club 9 Juventus 2010 - 2014
81%
Squadra di club 8 Napoli 2009 - 2010
81%
Squadra di club 10 Torino 2014 - 2016
81%
Trofei per nazionali Torneo Quattro Nazioni: 1 Italia Under-20: 2002-2003
81%
Squadra di club 7 Udinese 2007 - 2009
81%
Altezza 180 cm
80%
Presenze in nazionale 28
80%
Presenze nei club 723
80%
Peso 79 kg
80%
Squadra di club 5 Ascoli 2005 - 2006
80%
Squadra di club 3 Chieti 2003 - 2004
80%
Calciatore Fabio Quagliarella
80%
Squadra di club 2 Florentia Viola 2002 - 2003
80%
Trofei individuali Oscar del calcio AIC/Gran Galà del calcio AIC: 3 Gol dell'anno: 2009, 2019 Squadra dell'anno: 2019 Premio Nazionale Carriera Esemplare "Gaetano Scirea": 1 2018[95] Capocannoniere della Serie A: 1 2018-2019 (26 gol) Premi Lega Serie A: 1 Miglior attaccante: 2018-2019 Note
80%
Squadra di club 6 Sampdoria 2006 - 2007
80%
Squadra di club 4 Torino 2004 - 2005
80%
Nessun quiz corrispondente trovato
Distribuzione punteggi
Percentuale di utenti per punteggio
Percentile per numero di risposta
I tuoi punteggi nel tempo
Non hai fatto questo quiz dall'ultimo reset